| 000 | 00539nam a2200205Ii 4500 | ||
|---|---|---|---|
| 003 | JO-AjNU | ||
| 008 | 230606s9999||||xx |||||||||||||| ||und|| | ||
| 020 | _a978-0-470-45359-9 | ||
| 040 |
_aJO-AjNU _beng _erda _cJO-AjNU |
||
| 041 | _aeng | ||
| 050 | 1 | 4 | _aQA303.2.B467.2011 |
| 100 | 3 |
_aBlank,brian/Krantz,steven, _eauthor _94399 |
|
| 245 | 0 | 0 | _aCalculus |
| 250 | _a2 ed | ||
| 300 | _a1149p | ||
| 336 |
_atext _btxt _2rdacontent |
||
| 337 |
_aunmediated _bn _2rdamedia |
||
| 338 |
_avolume _bnc _2rdacarrier |
||
| 650 | 4 |
_aCalculus _94400 |
|
| 999 |
_aE2285 _c2283 _d2283 |
||